| 000 | 00845cam a22002771 4500 | ||
|---|---|---|---|
| 001 | 13704 | ||
| 003 | BD-RjUL | ||
| 005 | 20211208235511.0 | ||
| 008 | 750724s1957 njua b 000 0 eng | ||
| 035 | _a(BD-RjUL)13756 | ||
| 035 | _a(OCoLC)1474972 | ||
| 040 |
_aDLC _cFM _dBD-RjUL _beng |
||
| 041 | _aeng | ||
| 082 | 0 | 0 |
_a621.48 _bNUC 1957 |
| 245 | 0 | 0 |
_aNuclear power reactors / _cedited by James K. Pickard. |
| 260 |
_aPrinceton, N.J. : _bVan Nostrand, _cc1957. |
||
| 300 |
_axii, 388 p. : _billus., diagrs. ; _c24 cm. |
||
| 504 | _aIncludes bibliographies and index. | ||
| 650 | 0 |
_aNuclear energy. _942875 |
|
| 650 | 0 |
_aNuclear reactors. _942876 |
|
| 700 | 1 |
_aPickard, James K., _942877 |
|
| 942 |
_2ddc _cBK |
||
| 999 |
_c13704 _d13704 |
||